|
|
|
|
| LEADER |
01540nam a2200397 a 4500 |
| 001 |
000593143 |
| 003 |
CZ BrMZK |
| 005 |
20161207155049.0 |
| 007 |
ta |
| 008 |
020402s1981 xr e c dcze d |
| 040 |
|
|
|a BOA001
|b cze
|c BOA001
|
| 043 |
|
|
|a e-xr---
|
| 045 |
|
|
|a x-x-
|
| 072 |
|
7 |
|a 77
|x Fotografie. Fotografické postupy
|2 Konspekt
|9 21
|
| 080 |
|
|
|a 77.04
|2 MRF
|
| 080 |
|
|
|a (437.3)
|2 MRF
|
| 080 |
|
|
|a (083.824)
|2 MRF
|
| 100 |
1 |
|
|a Brodský, Jan,
|d 1952-
|7 jn99240000096
|4 art
|
| 245 |
1 |
0 |
|a Jan Brodský :
|b fotografie : Oblastní galerie výtvarného umění v Roudnici nad Labem /
|c texty napsali: Dagmar Tučná, Ján Šmok : [katalog výstavy]
|
| 246 |
3 |
3 |
|a Fotografie
|
| 260 |
|
|
|a Roudnice nad Labem :
|b Oblastní galerie výtvarného umění,
|c 1981
|
| 300 |
|
|
|a 1 nestránkovaný sv.
|
| 500 |
|
|
|a Text zvratmo
|
| 505 |
2 |
|
|a Tapiserie / Eva Brodská
|
| 600 |
1 |
7 |
|a Brodský, Jan,
|d 1952-
|7 jn99240000096
|2 czenas
|
| 648 |
|
7 |
|a 20. století
|7 ch460558
|2 czenas
|
| 650 |
0 |
7 |
|a umělecká fotografie
|7 ph126879
|z Česko
|y 20. století
|2 czenas
|
| 655 |
|
7 |
|a katalogy výstav
|7 fd132536
|2 czenas
|
| 740 |
0 |
2 |
|a Tapiserie
|
| 700 |
1 |
|
|a Šmok, Ján,
|d 1921-1997
|7 jk01130620
|4 wfw
|
| 700 |
1 |
|
|a Brodská, Eva,
|d 1937-
|7 jn19990209083
|4 art
|
| 700 |
1 |
|
|a Tučná, Dagmar,
|d 1920-1993
|7 jk01140336
|4 wfw
|
| 710 |
2 |
|
|a Galerie výtvarného umění (Roudnice nad Labem, Česko)
|7 kn20040302005
|
| 910 |
|
|
|a BOA001
|b X-0837.421
|
| 990 |
|
|
|a BK
|
| 996 |
6 |
|
|b 2619180730
|c X-0837.421
|l MZK
|r Sklad / do 24 hodin
|n 0
|w 000593144
|u 000010
|a 1
|e BOA001
|j MZK50
|s P
|